[Event "Campos Migjorn op"]
[Site "Campos"]
[Date "2019.09.06"]
[Round "1"]
[White "Cisneros Serra, Javier"]
[Black "Muniz Salom, Roberto"]
[Result "1-0"]
[WhiteElo "1822"]
[BlackElo "1528"]
[PlyCount "57"]
[EventDate "2019.09.06"]
[EventType "swiss"]
[EventRounds "8"]
[EventCountry "ESP"]
[SourceTitle "EXT 2020"]
[Source "ChessBase"]
[SourceDate "2019.10.17"]
[SourceVersion "1"]
[SourceVersionDate "2019.10.17"]
[SourceQuality "1"]

1. e4 b6 2. d4 Nf6 3. e5 Nd5 4. c4 Nb4 5. Nf3 c5 6. a3 N4a6 7. d5 d6 8. Bd3 Bg4 9. exd6 Qxd6 10. Nc3 Bxf3 11. Qxf3 Qf6 12. Qe2 e6 13. Ne4 Qd8 14. Bf4 Be7 15. dxe6 f6 16. Nd6+ Bxd6 17. Qh5+ g6 18. Bxg6+ Ke7 19. Rd1 hxg6 20. Qxg6 Qe8 21. Qg7+ Kxe6 22. Rxd6+ Kf5+ 23. Kd2 Qd8 24. Rxd8 Rxd8+ 25. Ke3 Rd7 26. g4+ Ke6 27. Qg6 Rd4 28. Qg8+ Ke7 29. Qg7+ 1-0